[Event "ODJM A 2024"]
[Site "Willingen GER"]
[Date "2024.05.23"]
[Round "7"]
[White "Kliashtornyi, Arkadii"]
[Black "Brunner, Tobias"]
[Result "0-1"]
[Termination "normal"]
[Board "6"]
[WhiteElo "1968"]
[BlackElo "1997"]
[WhiteClock "00:00:55"]
[BlackClock "00:10:45"]
[PlyCount "80"]
[WhiteFideId "34119698"]
[BlackFideId "12949833"]
[EventCountry "GER"]
[EventRounds "9"]
[EventType "swiss"]
[EventDate "2024.05.18"]

1. d4 {[%clk 01:30:57]} {[%emt 00:00:02]} d5 {[%clk 01:30:51]} {[%emt
00:00:20]} 2. c4 {[%clk 01:31:09]} {[%emt 00:00:25]} e6 {[%clk 01:31:13]}
{[%emt 00:00:04]} 3. Nc3 {[%clk 01:31:35]} {[%emt 00:00:08]} Nf6 {[%clk
01:31:06]} {[%emt 00:00:28]} 4. cxd5 {[%clk 01:32:02]} {[%emt 00:00:03]} exd5
{[%clk 01:31:30]} {[%emt 00:00:05]} 5. Bg5 {[%clk 01:32:28]} Be7 {[%clk
01:31:17]} {[%emt 00:00:35]} 6. e3 {[%clk 01:32:53]} {[%emt 00:00:06]} c6
{[%clk 01:30:46]} {[%emt 00:01:01]} 7. Qc2 {[%clk 01:33:18]} {[%emt 00:00:05]}
Nbd7 {[%clk 01:29:38]} {[%emt 00:01:37]} 8. Bd3 {[%clk 01:33:26]} {[%emt
00:00:23]} O-O {[%clk 01:29:55]} {[%emt 00:00:12]} 9. Nf3 {[%clk 01:33:44]}
{[%emt 00:00:12]} Re8 {[%clk 01:30:11]} {[%emt 00:00:13]} 10. O-O {[%clk
01:34:02]} {[%emt 00:00:13]} Nf8 {[%clk 01:30:36]} {[%emt 00:00:04]} 11. h3
{[%clk 01:34:02]} {[%emt 00:00:31]} Ng6 {[%clk 01:28:48]} {[%emt 00:02:17]} 12.
Ne5 {[%clk 01:26:55]} {[%emt 00:07:37]} Nd7 {[%clk 01:19:41]} {[%emt 00:09:37]}
13. Bxe7 {[%clk 01:25:36]} {[%emt 00:01:49]} Qxe7 {[%clk 01:20:04]} {[%emt
00:00:06]} 14. f4 {[%clk 01:25:38]} {[%emt 00:00:29]} Ndxe5 {[%clk 01:16:58]}
{[%emt 00:03:36]} 15. dxe5 {[%clk 01:25:26]} {[%emt 00:00:42]} Nf8 {[%clk
01:17:08]} {[%emt 00:00:19]} 16. e4 {[%clk 01:05:43]} {[%emt 00:20:14]} Qc5+
{[%clk 01:10:49]} {[%emt 00:06:49]} 17. Kh1 {[%clk 00:51:19]} {[%emt 00:14:53]}
d4 {[%clk 01:08:11]} {[%emt 00:03:08]} 18. Qf2 {[%clk 00:45:12]} {[%emt
00:06:37]} Qb6 {[%clk 00:59:10]} {[%emt 00:09:32]} 19. Nd1 {[%clk 00:44:15]}
{[%emt 00:01:27]} c5 {[%clk 00:59:26]} {[%emt 00:00:14]} 20. b3 {[%clk
00:40:08]} {[%emt 00:04:37]} a6 {[%clk 00:55:00]} {[%emt 00:04:56]} 21. Nb2
{[%clk 00:37:39]} {[%emt 00:02:59]} Qh6 {[%clk 00:49:46]} {[%emt 00:05:44]} 22.
Rac1 {[%clk 00:32:12]} {[%emt 00:05:56]} b6 {[%clk 00:48:55]} {[%emt 00:01:21]}
23. Kh2 {[%clk 00:29:39]} {[%emt 00:03:03]} Bd7 {[%clk 00:47:05]} {[%emt
00:02:21]} 24. Qg3 {[%clk 00:23:10]} {[%emt 00:06:59]} Bb5 {[%clk 00:44:49]}
{[%emt 00:02:46]} 25. a4 {[%clk 00:20:22]} {[%emt 00:03:18]} Bxd3 {[%clk
00:42:08]} {[%emt 00:03:10]} 26. Qxd3 {[%clk 00:20:29]} {[%emt 00:00:23]} Nd7
{[%clk 00:40:46]} {[%emt 00:01:52]} 27. Nc4 {[%clk 00:18:28]} {[%emt 00:02:31]}
Qe6 {[%clk 00:39:40]} {[%emt 00:01:35]} 28. Nd6 {[%clk 00:16:31]} {[%emt
00:02:27]} Red8 {[%clk 00:37:28]} {[%emt 00:02:43]} 29. Qg3 {[%clk 00:16:10]}
{[%emt 00:00:52]} Qg6 {[%clk 00:34:28]} {[%emt 00:03:30]} 30. Qh4 {[%clk
00:14:20]} {[%emt 00:02:19]} Qe6 {[%clk 00:31:47]} {[%emt 00:03:11]} 31. Rf3
{[%clk 00:09:42]} {[%emt 00:05:09]} Nxe5 {[%clk 00:30:30]} {[%emt 00:01:46]}
32. Nf5 {[%clk 00:05:03]} {[%emt 00:05:09]} Nxf3+ {[%clk 00:27:57]} {[%emt
00:03:03]} 33. gxf3 {[%clk 00:05:32]} {[%emt 00:00:01]} d3 {[%clk 00:20:52]}
{[%emt 00:07:35]} 34. Rg1 {[%clk 00:01:27]} {[%emt 00:04:36]} g6 {[%clk
00:21:03]} {[%emt 00:00:19]} 35. Ne7+ {[%clk 00:00:53]} {[%emt 00:01:05]} Kg7
{[%clk 00:15:38]} {[%emt 00:05:54]} 36. f5 {[%clk 00:00:39]} {[%emt 00:00:45]}
Qf6 {[%clk 00:15:23]} {[%emt 00:00:44]} 37. Rg5 {[%clk 00:00:36]} {[%emt
00:00:33]} h6 {[%clk 00:10:45]} {[%emt 00:05:08]} 38. fxg6 {[%clk 00:00:43]}
{[%emt 00:00:23]} Qxg5 {[%clk 00:10:32]} {[%emt 00:00:42]} 39. Nf5+ {[%clk
00:00:53]} {[%emt 00:00:21]} Kxg6 {[%clk 00:10:35]} {[%emt 00:00:27]} 40. Ne7+
{[%clk 00:00:55]} {[%emt 00:00:28]} Kh7 {[%clk 00:10:45]} {[%emt 00:00:18]} 0-1

[Event "ODJM A 2024"]
[Site "Willingen GER"]
[Date "2024.05.23"]
[Round "7"]
[White "Paeslack, Luis"]
[Black "Bock, Marlon"]
[Result "1/2-1/2"]
[Termination "normal"]
[Board "7"]
[WhiteElo "2003"]
[BlackElo "2049"]
[WhiteClock "00:09:35"]
[BlackClock "00:23:59"]
[PlyCount "41"]
[WhiteFideId "12987760"]
[BlackFideId "16244931"]
[EventCountry "GER"]
[EventRounds "9"]
[EventType "swiss"]
[EventDate "2024.05.18"]

1. d4 {[%clk 01:30:28]} {[%emt 00:00:49]} f5 {[%clk 01:30:56]} {[%emt
00:00:02]} 2. Nc3 {[%clk 01:27:55]} {[%emt 00:02:47]} d5 {[%clk 01:20:22]}
{[%emt 00:11:05]} 3. Bf4 {[%clk 01:28:05]} {[%emt 00:00:18]} e6 {[%clk
01:20:10]} {[%emt 00:00:43]} 4. e3 {[%clk 01:28:16]} {[%emt 00:00:18]} Nf6
{[%clk 01:20:10]} {[%emt 00:00:31]} 5. Nf3 {[%clk 01:28:06]} {[%emt 00:00:39]}
Be7 {[%clk 01:19:07]} {[%emt 00:01:33]} 6. Bd3 {[%clk 01:21:00]} {[%emt
00:07:36]} O-O {[%clk 01:19:09]} {[%emt 00:00:28]} 7. O-O {[%clk 01:16:17]}
{[%emt 00:05:13]} c6 {[%clk 01:17:21]} {[%emt 00:02:18]} 8. Ne2 {[%clk
01:11:30]} {[%emt 00:05:17]} Ne4 {[%clk 01:09:43]} {[%emt 00:08:08]} 9. c4
{[%clk 01:07:09]} {[%emt 00:04:51]} Nd7 {[%clk 01:06:50]} {[%emt 00:03:23]} 10.
cxd5 {[%clk 01:01:27]} {[%emt 00:06:11]} exd5 {[%clk 01:05:04]} {[%emt
00:02:17]} 11. Rb1 {[%clk 00:57:43]} {[%emt 00:04:14]} a5 {[%clk 01:00:05]}
{[%emt 00:05:29]} 12. Ne5 {[%clk 00:43:54]} {[%emt 00:14:19]} Nxe5 {[%clk
00:47:32]} {[%emt 00:13:03]} 13. Bxe5 {[%clk 00:41:09]} {[%emt 00:03:15]} Bd6
{[%clk 00:46:42]} {[%emt 00:01:21]} 14. Bxd6 {[%clk 00:38:18]} {[%emt
00:03:21]} Qxd6 {[%clk 00:46:45]} {[%emt 00:00:27]} 15. a3 {[%clk 00:36:39]}
{[%emt 00:02:10]} b6 {[%clk 00:39:17]} {[%emt 00:07:57]} 16. b4 {[%clk
00:31:20]} {[%emt 00:05:49]} Ba6 {[%clk 00:36:50]} {[%emt 00:02:57]} 17. Bxa6
{[%clk 00:29:20]} {[%emt 00:02:29]} Rxa6 {[%clk 00:37:15]} {[%emt 00:00:06]}
18. Qd3 {[%clk 00:29:02]} {[%emt 00:00:47]} b5 {[%clk 00:31:04]} {[%emt
00:06:41]} 19. Ng3 {[%clk 00:19:09]} {[%emt 00:10:23]} axb4 {[%clk 00:24:49]}
{[%emt 00:06:45]} 20. axb4 {[%clk 00:19:02]} {[%emt 00:00:37]} Ra2 {[%clk
00:23:59]} {[%emt 00:01:20]} 21. Nxe4 {[%clk 00:09:35]} {[%emt 00:09:57]}
1/2-1/2

[Event "ODJM A 2024"]
[Site "Willingen GER"]
[Date "2024.05.23"]
[Round "7"]
[White "Langner, Jasper"]
[Black "Harutyunyan, Hovhannes"]
[Result "0-1"]
[Termination "normal"]
[Board "8"]
[WhiteElo "1999"]
[BlackElo "1914"]
[WhiteClock "00:00:37"]
[BlackClock "00:10:25"]
[PlyCount "80"]
[WhiteFideId "16202554"]
[BlackFideId "16281942"]
[EventCountry "GER"]
[EventRounds "9"]
[EventType "swiss"]
[EventDate "2024.05.18"]

1. e4 {[%clk 01:30:58]} {[%emt 00:00:01]} e6 {[%clk 01:30:04]} {[%emt
00:01:10]} 2. d4 {[%clk 01:31:19]} {[%emt 00:00:12]} d5 {[%clk 01:30:23]}
{[%emt 00:00:06]} 3. Nc3 {[%clk 01:31:20]} {[%emt 00:00:17]} Nf6 {[%clk
01:30:49]} {[%emt 00:00:05]} 4. Bg5 {[%clk 01:31:45]} {[%emt 00:00:04]} Be7
{[%clk 01:31:14]} {[%emt 00:00:05]} 5. e5 {[%clk 01:32:10]} {[%emt 00:00:04]}
Nfd7 {[%clk 01:31:41]} {[%emt 00:00:04]} 6. h4 {[%clk 01:32:32]} {[%emt
00:00:08]} a6 {[%clk 01:29:37]} {[%emt 00:02:35]} 7. Qg4 {[%clk 01:32:19]}
{[%emt 00:00:41]} Bxg5 {[%clk 01:30:02]} {[%emt 00:00:06]} 8. hxg5 {[%clk
01:32:40]} {[%emt 00:00:08]} c5 {[%clk 01:30:13]} {[%emt 00:00:19]} 9. g6
{[%clk 01:30:44]} {[%emt 00:02:26]} f5 {[%clk 01:30:39]} {[%emt 00:00:04]} 10.
exf6 {[%clk 01:28:16]} {[%emt 00:02:58]} Nxf6 {[%clk 01:29:39]} {[%emt
00:01:30]} 11. Qd1 {[%clk 01:05:11]} {[%emt 00:23:35]} h6 {[%clk 01:20:49]}
{[%emt 00:09:20]} 12. Nf3 {[%clk 01:05:12]} {[%emt 00:00:28]} cxd4 {[%clk
01:18:31]} {[%emt 00:02:50]} 13. Qxd4 {[%clk 01:02:36]} {[%emt 00:03:06]} Nc6
{[%clk 01:17:30]} {[%emt 00:01:31]} 14. Qc5 {[%clk 01:02:30]} {[%emt 00:00:35]}
Qe7 {[%clk 01:15:47]} {[%emt 00:02:15]} 15. Qb6 {[%clk 00:56:44]} {[%emt
00:06:15]} O-O {[%clk 01:11:50]} {[%emt 00:04:26]} 16. O-O-O {[%clk 00:56:51]}
{[%emt 00:00:23]} Rd8 {[%clk 01:10:49]} {[%emt 00:01:32]} 17. Nd4 {[%clk
00:31:04]} {[%emt 00:26:15]} Nxd4 {[%clk 00:55:50]} {[%emt 00:15:30]} 18. Qxd4
{[%clk 00:28:45]} {[%emt 00:02:49]} e5 {[%clk 00:54:43]} {[%emt 00:01:37]} 19.
Qh4 {[%clk 00:23:29]} {[%emt 00:05:46]} Bf5 {[%clk 00:49:21]} {[%emt 00:05:52]}
20. g3 {[%clk 00:11:11]} {[%emt 00:12:47]} Rac8 {[%clk 00:47:44]} {[%emt
00:02:08]} 21. Bg2 {[%clk 00:10:00]} {[%emt 00:01:41]} Qc5 {[%clk 00:39:58]}
{[%emt 00:08:16]} 22. Rd2 {[%clk 00:09:09]} {[%emt 00:01:21]} Bxg6 {[%clk
00:38:20]} {[%emt 00:02:08]} 23. Rhd1 {[%clk 00:07:50]} {[%emt 00:01:49]} b5
{[%clk 00:34:09]} {[%emt 00:04:42]} 24. Qh1 {[%clk 00:07:03]} {[%emt 00:01:16]}
e4 {[%clk 00:28:14]} {[%emt 00:06:24]} 25. Qe1 {[%clk 00:01:39]} {[%emt
00:05:55]} b4 {[%clk 00:27:05]} {[%emt 00:01:40]} 26. Na4 {[%clk 00:02:07]} Qa5
{[%clk 00:27:21]} {[%emt 00:00:14]} 27. b3 {[%clk 00:02:29]} {[%emt 00:00:09]}
Be8 {[%clk 00:27:42]} {[%emt 00:00:09]} 28. Bh3 {[%clk 00:00:48]} {[%emt
00:02:10]} Rc3 {[%clk 00:18:58]} {[%emt 00:09:14]} 29. Be6+ {[%clk 00:01:15]}
{[%emt 00:00:03]} Kh8 {[%clk 00:19:21]} {[%emt 00:00:07]} 30. Qe2 {[%clk
00:00:40]} {[%emt 00:01:05]} Bxa4 {[%clk 00:19:38]} {[%emt 00:00:14]} 31. bxa4
{[%clk 00:01:09]} Qc5 {[%clk 00:15:17]} {[%emt 00:04:50]} 32. Kb1 {[%clk
00:00:35]} {[%emt 00:01:04]} Rd6 {[%clk 00:12:28]} {[%emt 00:03:19]} 33. Bf7
{[%clk 00:01:04]} {[%emt 00:00:01]} g5 {[%clk 00:11:03]} {[%emt 00:01:55]} 34.
Bg6 {[%clk 00:00:33]} {[%emt 00:01:01]} Kg7 {[%clk 00:11:23]} {[%emt 00:00:10]}
35. Bf5 {[%clk 00:00:47]} {[%emt 00:00:16]} Qc6 {[%clk 00:09:16]} {[%emt
00:02:37]} 36. f3 {[%clk 00:00:47]} {[%emt 00:00:29]} e3 {[%clk 00:09:26]}
{[%emt 00:00:21]} 37. Rd3 {[%clk 00:00:51]} {[%emt 00:00:25]} Qc5 {[%clk
00:09:43]} {[%emt 00:00:14]} 38. Rxc3 {[%clk 00:00:32]} {[%emt 00:00:50]} bxc3
{[%clk 00:10:00]} {[%emt 00:00:13]} 39. Ka1 {[%clk 00:00:35]} {[%emt 00:00:27]}
Rb6 {[%clk 00:10:06]} {[%emt 00:00:24]} 40. a5 {[%clk 00:00:37]} {[%emt
00:00:28]} Qb4 {[%clk 00:10:25]} {[%emt 00:00:10]} *

[Event "ODJM A 2024"]
[Site "Willingen GER"]
[Date "2024.05.23"]
[Round "7"]
[White "Drygala, Lars"]
[Black "Bilenko, Yaroslav"]
[Result "1/2-1/2"]
[Termination "normal"]
[Board "9"]
[WhiteElo "1994"]
[BlackElo "2136"]
[WhiteClock "00:35:16"]
[BlackClock "00:11:21"]
[PlyCount "51"]
[WhiteFideId "34617779"]
[BlackFideId "34120165"]
[EventCountry "GER"]
[EventRounds "9"]
[EventType "swiss"]
[EventDate "2024.05.18"]

1. d4 {[%clk 01:30:55]} {[%emt 00:00:06]} Nf6 {[%clk 01:30:48]} {[%emt
00:00:24]} 2. Nf3 {[%clk 01:31:11]} {[%emt 00:00:18]} e6 {[%clk 01:31:05]}
{[%emt 00:00:13]} 3. Bf4 {[%clk 01:31:30]} {[%emt 00:00:10]} b6 {[%clk
01:31:11]} {[%emt 00:00:19]} 4. e3 {[%clk 01:31:44]} {[%emt 00:00:09]} Bb7
{[%clk 01:31:29]} {[%emt 00:00:08]} 5. Nbd2 {[%clk 01:31:50]} {[%emt 00:00:24]}
g6 {[%clk 01:31:13]} {[%emt 00:00:46]} 6. Be2 {[%clk 01:28:08]} {[%emt
00:04:11]} Bg7 {[%clk 01:30:01]} {[%emt 00:01:43]} 7. a4 {[%clk 01:25:21]}
{[%emt 00:03:17]} a5 {[%clk 01:28:56]} {[%emt 00:01:35]} 8. h3 {[%clk
01:24:04]} {[%emt 00:01:47]} d6 {[%clk 01:26:53]} {[%emt 00:02:33]} 9. O-O
{[%clk 01:22:22]} {[%emt 00:02:10]} O-O {[%clk 01:26:21]} {[%emt 00:01:04]} 10.
c3 {[%clk 01:18:55]} {[%emt 00:03:57]} Nbd7 {[%clk 01:26:04]} {[%emt 00:00:47]}
11. Bh2 {[%clk 01:15:09]} {[%emt 00:04:16]} Qe7 {[%clk 01:25:53]} {[%emt
00:00:42]} 12. Nc4 {[%clk 01:11:17]} {[%emt 00:04:21]} Ne4 {[%clk 01:24:44]}
{[%emt 00:01:40]} 13. Nfd2 {[%clk 01:04:40]} {[%emt 00:07:05]} Nxd2 {[%clk
01:23:40]} {[%emt 00:01:34]} 14. Nxd2 {[%clk 01:03:33]} {[%emt 00:01:37]} f5
{[%clk 01:22:08]} {[%emt 00:02:03]} 15. Bf3 {[%clk 01:03:01]} {[%emt 00:01:01]}
Bxf3 {[%clk 01:22:16]} {[%emt 00:00:22]} 16. Qxf3 {[%clk 01:02:47]} {[%emt
00:00:43]} Nf6 {[%clk 01:21:22]} {[%emt 00:01:25]} 17. Qc6 {[%clk 00:57:08]}
{[%emt 00:06:10]} Qd7 {[%clk 00:50:50]} {[%emt 00:31:02]} 18. Qxd7 {[%clk
00:51:22]} {[%emt 00:06:15]} Nxd7 {[%clk 00:51:10]} {[%emt 00:00:11]} 19. Rfc1
{[%clk 00:47:32]} {[%emt 00:04:19]} e5 {[%clk 00:42:07]} {[%emt 00:09:33]} 20.
Nc4 {[%clk 00:42:31]} {[%emt 00:05:31]} f4 {[%clk 00:39:07]} {[%emt 00:03:30]}
21. Rd1 {[%clk 00:38:30]} {[%emt 00:04:30]} fxe3 {[%clk 00:30:50]} {[%emt
00:08:49]} 22. fxe3 {[%clk 00:38:12]} {[%emt 00:00:48]} Rae8 {[%clk 00:30:23]}
{[%emt 00:00:58]} 23. Rf1 {[%clk 00:36:09]} {[%emt 00:02:31]} exd4 {[%clk
00:14:23]} {[%emt 00:16:31]} 24. exd4 {[%clk 00:36:26]} {[%emt 00:00:13]} Re2
{[%clk 00:12:42]} {[%emt 00:02:11]} 25. Rae1 {[%clk 00:36:06]} {[%emt
00:00:50]} Rfe8 {[%clk 00:11:21]} {[%emt 00:01:51]} 26. Rxe2 {[%clk 00:35:16]}
{[%emt 00:01:20]} 1/2-1/2

[Event "ODJM A 2024"]
[Site "Willingen GER"]
[Date "2024.05.23"]
[Round "7"]
[White "Gallasch, Robin"]
[Black "Beyer, Lorenz"]
[Result "1/2-1/2"]
[Termination "normal"]
[Board "10"]
[WhiteElo "2119"]
[BlackElo "1956"]
[WhiteClock "00:05:15"]
[BlackClock "00:50:32"]
[PlyCount "66"]
[WhiteFideId "16222423"]
[BlackFideId "16245393"]
[EventCountry "GER"]
[EventRounds "9"]
[EventType "swiss"]
[EventDate "2024.05.18"]

1. e4 {[%clk 01:29:22]} {[%emt 00:01:39]} e6 {[%clk 01:30:54]} {[%emt
00:00:02]} 2. d4 {[%clk 01:29:47]} {[%emt 00:00:05]} d5 {[%clk 01:31:20]}
{[%emt 00:00:05]} 3. Nc3 {[%clk 01:30:13]} {[%emt 00:00:04]} Nf6 {[%clk
01:31:47]} {[%emt 00:00:03]} 4. Bg5 {[%clk 01:30:36]} {[%emt 00:00:06]} dxe4
{[%clk 01:31:54]} {[%emt 00:00:24]} 5. Nxe4 {[%clk 01:30:48]} {[%emt 00:00:18]}
Be7 {[%clk 01:32:19]} {[%emt 00:00:05]} 6. Bxf6 {[%clk 01:30:46]} {[%emt
00:00:32]} Bxf6 {[%clk 01:32:44]} {[%emt 00:00:06]} 7. Nf3 {[%clk 01:30:42]}
{[%emt 00:00:33]} b6 {[%clk 01:30:43]} {[%emt 00:02:31]} 8. Bb5+ {[%clk
01:24:13]} {[%emt 00:06:59]} c6 {[%clk 01:29:58]} {[%emt 00:01:15]} 9. Bd3
{[%clk 01:24:04]} {[%emt 00:00:38]} Bb7 {[%clk 01:30:25]} {[%emt 00:00:04]} 10.
c3 {[%clk 01:23:06]} {[%emt 00:01:28]} Be7 {[%clk 01:24:29]} {[%emt 00:06:27]}
11. O-O {[%clk 01:20:40]} {[%emt 00:02:55]} Nd7 {[%clk 01:24:33]} {[%emt
00:00:26]} 12. Qe2 {[%clk 01:09:01]} {[%emt 00:12:08]} Nf6 {[%clk 01:20:16]}
{[%emt 00:04:48]} 13. Nxf6+ {[%clk 00:40:42]} {[%emt 00:28:50]} Bxf6 {[%clk
01:16:40]} {[%emt 00:04:05]} 14. Ba6 {[%clk 00:35:07]} {[%emt 00:06:05]} Bxa6
{[%clk 01:15:52]} {[%emt 00:01:18]} 15. Qxa6 {[%clk 00:34:28]} {[%emt
00:01:09]} O-O {[%clk 01:16:07]} {[%emt 00:00:15]} 16. Rad1 {[%clk 00:28:55]}
{[%emt 00:06:02]} Qc7 {[%clk 01:15:35]} {[%emt 00:01:03]} 17. Qc4 {[%clk
00:28:42]} {[%emt 00:00:42]} Rac8 {[%clk 01:15:16]} {[%emt 00:00:49]} 18. Rd2
{[%clk 00:23:14]} {[%emt 00:05:57]} Rfd8 {[%clk 01:14:02]} {[%emt 00:01:45]}
19. Rfd1 {[%clk 00:23:40]} {[%emt 00:00:05]} h6 {[%clk 01:14:14]} {[%emt
00:00:18]} 20. g3 {[%clk 00:23:23]} {[%emt 00:00:47]} Rd5 {[%clk 01:09:45]}
{[%emt 00:04:59]} 21. a4 {[%clk 00:21:55]} {[%emt 00:01:59]} Qb7 {[%clk
01:00:23]} {[%emt 00:09:52]} 22. Qe2 {[%clk 00:21:14]} {[%emt 00:01:10]} Rcd8
{[%clk 00:58:02]} {[%emt 00:02:51]} 23. c4 {[%clk 00:19:44]} {[%emt 00:02:00]}
R5d7 {[%clk 00:58:02]} {[%emt 00:00:30]} 24. b3 {[%clk 00:20:07]} {[%emt
00:00:06]} a6 {[%clk 00:56:38]} {[%emt 00:01:55]} 25. Qe3 {[%clk 00:16:42]}
{[%emt 00:03:54]} b5 {[%clk 00:53:45]} {[%emt 00:03:24]} 26. axb5 {[%clk
00:16:44]} {[%emt 00:00:28]} axb5 {[%clk 00:54:08]} {[%emt 00:00:07]} 27. Ne5
{[%clk 00:08:15]} {[%emt 00:08:57]} Bxe5 {[%clk 00:50:45]} {[%emt 00:03:55]}
28. Qxe5 {[%clk 00:08:39]} {[%emt 00:00:05]} bxc4 {[%clk 00:50:55]} {[%emt
00:00:20]} 29. bxc4 {[%clk 00:09:05]} {[%emt 00:00:05]} Qb4 {[%clk 00:50:58]}
{[%emt 00:00:28]} 30. Qe2 {[%clk 00:08:25]} {[%emt 00:01:08]} Qc3 {[%clk
00:49:46]} {[%emt 00:01:43]} 31. Rc2 {[%clk 00:04:43]} {[%emt 00:04:11]} Qb4
{[%clk 00:49:41]} {[%emt 00:00:35]} 32. Rcd2 {[%clk 00:04:56]} {[%emt
00:00:17]} Qc3 {[%clk 00:50:07]} {[%emt 00:00:05]} 33. Rc2 {[%clk 00:05:15]}
{[%emt 00:00:10]} Qb4 {[%clk 00:50:32]} {[%emt 00:00:05]} 1/2-1/2

[Event "ODJM A 2024"]
[Site "Willingen GER"]
[Date "2024.05.23"]
[Round "7"]
[White "Schäfer, Daniel"]
[Black "Brockhoff, Moritz"]
[Result "1/2-1/2"]
[Termination "normal"]
[Board "12"]
[WhiteElo "1916"]
[BlackElo "2013"]
[WhiteClock "00:25:21"]
[BlackClock "00:51:54"]
[PlyCount "82"]
[WhiteFideId "16235088"]
[BlackFideId "16214927"]
[EventCountry "GER"]
[EventRounds "9"]
[EventType "swiss"]
[EventDate "2024.05.18"]

1. d4 {[%clk 01:30:55]} {[%emt 00:00:06]} Nf6 {[%clk 01:30:55]} {[%emt
00:00:14]} 2. c4 {[%clk 01:31:21]} {[%emt 00:00:04]} e6 {[%clk 01:31:22]}
{[%emt 00:00:10]} 3. Nc3 {[%clk 01:31:44]} {[%emt 00:00:09]} Bb4 {[%clk
01:31:48]} {[%emt 00:00:04]} 4. Qc2 {[%clk 01:31:52]} {[%emt 00:00:20]} O-O
{[%clk 01:32:05]} {[%emt 00:00:12]} 5. Nf3 {[%clk 01:32:00]} {[%emt 00:00:17]}
d5 {[%clk 01:31:33]} {[%emt 00:00:51]} 6. cxd5 {[%clk 01:32:21]} {[%emt
00:00:08]} exd5 {[%clk 01:31:59]} {[%emt 00:00:05]} 7. Bf4 {[%clk 01:32:35]}
{[%emt 00:00:15]} Ne4 {[%clk 01:32:11]} {[%emt 00:00:18]} 8. e3 {[%clk
01:30:46]} {[%emt 00:02:19]} Bf5 {[%clk 01:32:13]} {[%emt 00:00:28]} 9. Bd3
{[%clk 01:30:32]} {[%emt 00:00:44]} c5 {[%clk 01:32:32]} {[%emt 00:00:11]} 10.
dxc5 {[%clk 01:30:41]} {[%emt 00:00:21]} Bxc3+ {[%clk 01:32:38]} {[%emt
00:00:25]} 11. bxc3 {[%clk 01:31:04]} {[%emt 00:00:07]} Nd7 {[%clk 01:33:03]}
{[%emt 00:00:04]} 12. c6 {[%clk 01:30:05]} {[%emt 00:01:29]} bxc6 {[%clk
01:33:18]} {[%emt 00:00:16]} 13. O-O {[%clk 01:26:35]} {[%emt 00:03:59]} Ndc5
{[%clk 01:33:07]} {[%emt 00:00:42]} 14. Nd4 {[%clk 01:26:18]} {[%emt 00:00:47]}
Bg6 {[%clk 01:32:55]} {[%emt 00:00:41]} 15. Nxc6 {[%clk 01:22:38]} {[%emt
00:04:11]} Qf6 {[%clk 01:33:17]} {[%emt 00:00:07]} 16. Ne5 {[%clk 01:22:44]}
{[%emt 00:00:24]} Rfc8 {[%clk 01:32:47]} {[%emt 00:01:01]} 17. Nxg6 {[%clk
01:07:47]} {[%emt 00:15:26]} hxg6 {[%clk 01:33:01]} {[%emt 00:00:16]} 18. c4
{[%clk 00:43:37]} {[%emt 00:24:41]} Nxf2 {[%clk 01:31:56]} {[%emt 00:01:35]}
19. Kxf2 {[%clk 00:36:43]} {[%emt 00:07:23]} g5 {[%clk 01:32:09]} {[%emt
00:00:18]} 20. Kg1 {[%clk 00:36:12]} {[%emt 00:01:00]} Nxd3 {[%clk 01:32:22]}
{[%emt 00:00:18]} 21. Qxd3 {[%clk 00:27:39]} {[%emt 00:09:02]} dxc4 {[%clk
01:32:45]} {[%emt 00:00:07]} 22. Qd4 {[%clk 00:26:47]} {[%emt 00:01:22]} Qxd4
{[%clk 01:33:04]} {[%emt 00:00:12]} 23. exd4 {[%clk 00:27:14]} {[%emt
00:00:03]} gxf4 {[%clk 01:33:30]} {[%emt 00:00:04]} 24. Rxf4 {[%clk 00:25:57]}
{[%emt 00:01:46]} Rab8 {[%clk 01:32:50]} {[%emt 00:01:10]} 25. Rc1 {[%clk
00:26:04]} {[%emt 00:00:23]} Rb2 {[%clk 01:30:59]} {[%emt 00:02:21]} 26. Rf2
{[%clk 00:24:38]} {[%emt 00:01:56]} Rb4 {[%clk 01:26:14]} {[%emt 00:05:15]} 27.
Rfc2 {[%clk 00:19:30]} {[%emt 00:05:37]} Kf8 {[%clk 01:26:05]} {[%emt
00:00:40]} 28. Kf2 {[%clk 00:19:54]} {[%emt 00:00:05]} Ke7 {[%clk 01:26:31]}
{[%emt 00:00:05]} 29. Re1+ {[%clk 00:13:27]} {[%emt 00:06:57]} Kd6 {[%clk
01:26:06]} {[%emt 00:00:55]} 30. Re5 {[%clk 00:13:27]} {[%emt 00:00:30]} Rc6
{[%clk 01:07:24]} {[%emt 00:19:13]} 31. Ra5 {[%clk 00:09:30]} {[%emt 00:04:26]}
a6 {[%clk 01:06:26]} {[%emt 00:01:27]} 32. Rg5 {[%clk 00:04:28]} {[%emt
00:05:33]} g6 {[%clk 01:03:45]} {[%emt 00:03:11]} 33. Ke3 {[%clk 00:04:35]}
{[%emt 00:00:23]} Rb5 {[%clk 01:01:43]} {[%emt 00:02:31]} 34. Rg4 {[%clk
00:02:31]} {[%emt 00:02:35]} Kd5 {[%clk 01:01:48]} {[%emt 00:00:26]} 35. Re4
{[%clk 00:02:46]} {[%emt 00:00:15]} Rb1 {[%clk 00:48:20]} {[%emt 00:13:58]} 36.
Re5+ {[%clk 00:02:23]} {[%emt 00:00:52]} Kd6 {[%clk 00:48:46]} {[%emt
00:00:04]} 37. Kd2 {[%clk 00:02:11]} {[%emt 00:00:43]} Rb5 {[%clk 00:38:40]}
{[%emt 00:10:35]} 38. Re8 {[%clk 00:01:27]} {[%emt 00:01:14]} Ra5 {[%clk
00:38:37]} {[%emt 00:00:33]} 39. Rd8+ {[%clk 00:01:22]} {[%emt 00:00:34]} Ke7
{[%clk 00:39:00]} {[%emt 00:00:08]} 40. Rb8 {[%clk 00:00:39]} {[%emt 00:01:13]}
Ra3 {[%clk 00:39:08]} {[%emt 00:00:22]} 41. Ke2 {[%clk 00:25:21]} {[%emt
00:05:48]} Re6+ {[%clk 00:51:54]} {[%emt 00:17:44]} 1/2-1/2